Bhutan : a complete guide (Record no. 7684)

MARC details
000 -LEADER
fixed length control field 00303nam a22001217a 4500
008 - FIXED-LENGTH DATA ELEMENTS--GENERAL INFORMATION
fixed length control field 190301b ||||| |||| 00| 0 eng d
020 ## - INTERNATIONAL STANDARD BOOK NUMBER
International Standard Book Number 9789993689348
082 ## - DEWEY DECIMAL CLASSIFICATION NUMBER
Classification number 954.98 P577b 2015
100 ## - MAIN ENTRY--PERSONAL NAME
Personal name Phuntsho, Sonam.
245 ## - TITLE STATEMENT
Title Bhutan : a complete guide
300 ## - PHYSICAL DESCRIPTION
Extent 278 p.
Other physical details ill.
Dimensions 22 cm.
942 ## - Added entry Elements (Koha)
Source of classification or shelving scheme Dewey Decimal Classification
Holdings
Withdrawn status Lost status Source of classification or shelving scheme Damaged status Not for loan Collection code Home library Current library Shelving location Date acquired Serial Enumeration / chronology Total Checkouts Total Renewals Full call number Barcode Date last seen Date last checked out Price effective from Koha item type
    Dewey Decimal Classification     Main TEST RTC Library RTC Library Main opac 01/03/2019 5133 13 3 954.98 PHU 30008252 27/04/2025 17/04/2025 01/03/2019 Main
    Dewey Decimal Classification     Main TEST RTC Library RTC Library Main opac 26/07/2023 177554     954.98 PHU 30018811 26/07/2023   26/07/2023 Main
Royal Thimphu College || All Right Reserved